Down to earth / (Record no. 7519)

MARC details
000 -LEADER
fixed length control field 01394nam a22002777a 4500
001 - CONTROL NUMBER
control field 7519
003 - CONTROL NUMBER IDENTIFIER
control field FISKH
005 - DATE AND TIME OF LATEST TRANSACTION
control field 20250826101534.0
008 - FIXED-LENGTH DATA ELEMENTS--GENERAL INFORMATION
fixed length control field 250723b cb ||||| |||| 00| 0 eng d
020 ## - INTERNATIONAL STANDARD BOOK NUMBER
International Standard Book Number 9780545430913
040 ## - CATALOGING SOURCE
Original cataloging agency FISKH
Language of cataloging eng
Transcribing agency FISKH
Modifying agency FISKH
050 ## - LIBRARY OF CONGRESS CALL NUMBER
Classification number PZ7
082 ## - DEWEY DECIMAL CLASSIFICATION NUMBER
Classification number 531.7
100 ## - MAIN ENTRY--PERSONAL NAME
Personal name Scott, Janine
245 ## - TITLE STATEMENT
Title Down to earth /
Statement of responsibility, etc. By Janine Scott
260 ## - PUBLICATION, DISTRIBUTION, ETC.
Place of publication, distribution, etc. New York :
Name of publisher, distributor, etc. Scholastic,
Date of publication, distribution, etc. 2011.
300 ## - PHYSICAL DESCRIPTION
Extent 28 pages :
Other physical details color illustrations ;
Dimensions 22 cm
490 ## - SERIES STATEMENT
Series statement Investigate force
505 ## - FORMATTED CONTENTS NOTE
Formatted contents note P<br/>
520 ## - SUMMARY, ETC.
Summary, etc. Explores the invisible but powerful forces of physics that affect everything on Earth. Aimed at young readers, the book explains how gravity, motion, friction, air resistance, and lift work in everyday situations.<br/><br/>Using real-life examples like birds flying, skydivers falling, cars moving, and astronauts floating in space, the book helps readers understand how these forces interact with the world around us. It connects science concepts to things children can see and experience, making learning both fun and practical.<br/><br/>Bright photographs, simple explanations, and a helpful glossary and index make this nonfiction book an engaging introduction to physical science.
521 8# - TARGET AUDIENCE NOTE
Target audience note 620<br/>
Source Lexile NC
521 8# - TARGET AUDIENCE NOTE
Target audience note P<br/>
Source Raz-Plus<br/>
650 ## - SUBJECT ADDED ENTRY--TOPICAL TERM
Topical term or geographic name entry element Gravity
Form subdivision Friction
General subdivision Lift Air Resistance
942 ## - ADDED ENTRY ELEMENTS (KOHA)
Source of classification or shelving scheme Dewey Decimal Classification
Koha item type Books
Suppress in OPAC No
Holdings
Withdrawn status Lost status Source of classification or shelving scheme Damaged status Not for loan Collection Home library Current library Shelving location Date acquired Total Checkouts Full call number Barcode Date last seen Copy number Price effective from Koha item type
    Dewey Decimal Classification     Non-Fiction Footprints International School Library Network Toul Kork Campus Footprints International School Library Network Toul Kork Campus TK Primary Library Room(4th Floor), Bookcase 3&4, Shelves 17-32, Yellow Books 07/23/2025   SCO 531.7 PZ7 FISTK04838 07/23/2025 1 07/23/2025 Books
    Dewey Decimal Classification     Non-Fiction Footprints International School Library Network Toul Tom Poung Campus Footprints International School Library Network Toul Tom Poung Campus TTP Primary Yellow Bookshelves 08/26/2025   SCO 531.7 PZ7 FIS05535 08/26/2025 2 08/26/2025 Books
    Dewey Decimal Classification     Non-Fiction Footprints International School Library Network Toul Tom Poung Campus Footprints International School Library Network Toul Tom Poung Campus TTP Primary Yellow Bookshelves 08/26/2025   SCO 531.7 PZ7 FISSE01417 08/26/2025 3 08/26/2025 Books